Introduction to the Indian constitution (Record no. 396165)

MARC details
000 -LEADER
fixed length control field 00467 a2200181 4500
005 - DATE & TIME
control field 20260402142654.0
008 - FIXED-LENGTH DATA ELEMENTS--GENERAL INFORMATION
fixed length control field 260402b |||||||| |||| 00| 0 eng d
020 ## - ISBN
International Standard Book Number 9788177085808
Price Rs. 1890.00
040 ## - CATALOGING SOURCE
Original cataloging agency VIVEKANANDA LIBRARY
082 ## - DDC NUMBER
Classification number 342.54
Book Number F391I
100 ## - MAIN ENTRY--PERSONAL NAME
Personal name Fernandes, Sunny
245 ## - TITLE STATEMENT
Title Introduction to the Indian constitution
260 ## - PUBLICATION, DISTRIBUTION, ETC. (IMPRINT)
Name of publisher, distributor, etc New century
Date of publication, distribution, etc 2025
Place of publication, distribution, etc New Delhi
300 ## - PHYSICAL DESCRIPTION
Pages xi, 187
650 ## - Subject
Subject Law
650 ## - Subject
Subject Constitution- India
942 ## - ADDED ENTRY ELEMENTS (KOHA)
Koha item type Books
Holdings
Withdrawn status Lost status Source of classification or shelving scheme Damaged status Not for loan Location (home branch) Sublocation or collection (holding branch) Shelving location Date acquired Koha issues (times borrowed) Koha full call number Accession No. Koha date last seen Koha item type
    Dewey Decimal Classification     VIVEKANANDA LIBRARY VIVEKANANDA LIBRARY Law Library 04/02/2026   342.54 F391I 377910 04/02/2026 Books
© Designed and Maintained by Vivekananda Library, MDU Rohtak